Two Country Names on One Picture - Statistics

General Stats
  • This quiz has been taken 71 times
    30 since last reset
  • The average score is 19 of 20
Answer Stats
Picture Answer % Correct
Botswana
100%
Central African Republic
100%
Finland
100%
Indonesia
100%
Kazakhstan
100%
Laos
100%
Liechtenstein
100%
Malawi
100%
Namibia
100%
New Zealand
100%
Oman
100%
Peru
100%
Portugal
100%
Saint Vincent and the Grenadines
100%
Vietnam
100%
Canada
96%
China
96%
Pakistan
96%
Paraguay
82%
Mauritius
71%
No matching quizzes found
Score Distribution
Percent of People with Each Score
Percentile by Number Answered
Your Score History
You have not taken this quiz since the last reset